Catálogo
 En Linea

V congreso de la Asociación Dominicana de agencias de viajes de la República Dominicana. (Registro nro. 29403)

Detalles MARC
000 -CABECERA
campo de control de longitud fija 00750nam a2200169 a 4500
001 - NÚMERO DE CONTROL
campo de control 000029911
005 - FECHA Y HORA DE LA ÚLTIMA TRANSACCIÓN
campo de control 20200930055913.0
008 - DATOS DE LONGITUD FIJA--INFORMACIÓN GENERAL
campo de control de longitud fija 110427s1979 dr ac 000 0 spa d
040 ## - FUENTE DE LA CATALOGACIÓN
Centro catalogador/agencia de origen DO-SdBNP
Lengua de catalogación spa
Centro/agencia transcriptor BNPHU
082 ## - NÚMERO DE LA CLASIFICACIÓN DECIMAL DEWEY
Número de clasificación xxx
Número de documento/Ítem C749a
049 ## - FONDOS LOCALES (OCLC)
Fondos de biblioteca BNPD
111 1# - ENTRADA PRINCIPAL--NOMBRE DE CONGRESO/REUNIÓN
Nombre de congreso/reunión o jurisdicción como elemento de entrada Congreso de la Asociación Dominicana de agencias de viajes de la República Dominicana.
Número del congreso/reunión o número de parte o sección (5to :
Fecha del congreso/reunión 1979 abr. 26-29 :
Sede del congreso/Lugar de la reunión Puerto Plata)
9 (RLIN) 56647
245 10 - MENCIÓN DE TÍTULO
Título V congreso de la Asociación Dominicana de agencias de viajes de la República Dominicana.
246 ## - FORMA VARIANTE DE TÍTULO
Título propio/Titulo breve Quinto congreso de la Asociación Dominicana de agencias de viajes de la República Dominicana.
260 ## - PUBLICACIÓN, DISTRIBUCIÓN, ETC.
Lugar de publicación, distribución, etc. Puerto Plata, República Dominicana :
Nombre del editor, distribuidor, etc. Artes Gráficas Ril,
Fecha de publicación, distribución, etc. [1979?].
300 ## - DESCRIPCIÓN FÍSICA
Extensión 133 P. :
Otras características físicas il., retr. ;
Dimensiones 23 cm.
Existencias
Estado de retiro Estado de pérdida No para préstamo Código de colección Localización permanente Ubicación/localización actual Ubicación en estantería Fecha de adquisición Número de inventario Total de préstamos Signatura topográfica completa Código de barras Fecha visto por última vez Precio válido a partir de Tipo de ítem Koha
    Excluido de préstamo Patrimonio Dominicano Patrimonio Dominicano Patrimonio Dominicano En catalogación 27.04.2011 LF1   xxx C749a 29911-10 25.06.2020 25.06.2020 Libro y Folleto Colección Patrimonio Dominicano

Con tecnología Koha